000 00466nam a2200181Ia 4500
001 17592
005 20260306171528.0
008 260306s9999||||xx |||||||||||||| ||und||
041 _aESP
082 _a658.05
_bR17
100 _aRagoni, Rodolfo P.
_eAUT
245 0 _aE-Money:
_bla importancia de definir el medio de pago en el e-commerce
260 _c2001
300 _a301 páginas :
_c23 cm.
650 _aGEN
654 _aCAN
942 _cLIB
_dJUS
_fJUS
_2ddc
_n
999 _c17592
_d17592